| 000 | 00623cam a22002174a 4500 | ||
|---|---|---|---|
| 003 | UPN | ||
| 005 | 20220610170239.0 | ||
| 008 | 090204s1997 es ab r 000 0 spa d | ||
| 020 | _a8426130607 | ||
| 035 | _aUPN01000168749 | ||
| 040 |
_aUPN _bspa _cUPN |
||
| 049 | _aCG | ||
| 050 | 4 |
_aDT12.2 _bLL5.2 |
|
| 100 | 1 |
_aLlansana Marcé, Jaume, _d1947- _943559 |
|
| 245 | 1 | 0 |
_aÁfrica en globo : _bencuentros con Julio Verne / _cJaume Llansana. |
| 260 |
_aBarcelona, Esp. : _bJuventud, _c1997. |
||
| 300 |
_a331 p. : _bil. col, mapas |
||
| 651 | 4 |
_aÁfrica _xDescripción y viajes _92048 |
|
| 905 | _aLibro | ||
| 942 |
_2lcc _cLIBRO |
||
| 999 |
_c140855 _d140855 |
||